[Event "SWE-chT 9900"]
[Site "Sweden"]
[Date "2000.??.??"]
[Round "8"]
[White "Bengtsson, Bo"]
[Black "Friberg, Hans"]
[Result "0-1"]
[WhiteElo "2300"]
[BlackElo "2265"]
[PlyCount "70"]
[EventDate "1999.11.??"]
[EventType "team"]
[EventRounds "11"]
[EventCountry "SWE"]
[SourceTitle "EXT 2002"]
[Source "ChessBase"]
[SourceDate "2001.11.25"]
[SourceVersion "1"]
[SourceVersionDate "2001.11.25"]
[SourceQuality "1"]

1. e4 Nf6 2. e5 Nd5 3. d4 d6 4. Nf3 Bg4 5. h3 Bh5 6. c4 Nb6 7. g4 Bg6 8. e6 Qc8 9. exf7+ Bxf7 10. Ng5 Bg8 11. Bd3 e6 12. Nc3 Nc6 13. d5 Ne5 14. f4 Nxd3+ 15. Qxd3 Be7 16. f5 exf5 17. 0-0 h6 18. Re1 Qd7 19. Ne6 Bxe6 20. dxe6 Qc6 21. Qxf5 0-0-0 22. Nd5 Rde8 23. b3 Bh4 24. Re2 Rhf8 25. Qd3 Bf6 26. Rb1 Be5 27. e7 Rf7 28. Qg6 Rf3 29. Be3 Rg3+ 30. Kf2 Nxd5 31. cxd5 Qd7 32. Qe4 Rxh3 33. Bf4 Qxe7 34. Bxe5 Qh4+ 35. Kg2 Rxe5 0-1

[Event "SWE-chT 9899"]
[Site "Sweden"]
[Date "1999.??.??"]
[Round "7"]
[White "Sjoberg, Mats"]
[Black "Bengtsson, Bo"]
[Result "1-0"]
[WhiteElo "2410"]
[BlackElo "2300"]
[PlyCount "79"]
[EventDate "1998.??.??"]
[EventType "team"]
[EventRounds "11"]
[EventCountry "SWE"]
[SourceTitle "EXT 2000"]
[Source "ChessBase"]
[SourceDate "1999.11.16"]
[SourceVersion "1"]
[SourceVersionDate "1999.11.16"]
[SourceQuality "1"]

1. d4 Nf6 2. c4 e6 3. Nf3 d5 4. Nc3 Bb4 5. e3 0-0 6. Bd2 c5 7. dxc5 Bxc5 8. Rc1 Nc6 9. a3 a5 10. h3 h6 11. Bd3 dxc4 12. Bxc4 e5 13. Qc2 Re8 14. Ne4 Bb6 15. 0-0 Bf5 16. Nxf6+ Qxf6 17. Qb3 Nd8 18. Bc3 Bc7 19. Bd5 Rb8 20. Qb5 Nc6 21. Rfd1 Re7 22. b4 axb4 23. axb4 Na7 24. Qa4 Nc8 25. Nh2 Nb6 26. Qb3 Nxd5 27. Qxd5 Qe6 28. e4 Qxd5 29. exd5 Bd6 30. Nf1 b5 31. Ne3 Bd7 32. Be1 Rc8 33. Ra1 f5 34. Ra6 Bb8 35. d6 Rf7 36. Nd5 Re8 37. Bc3 f4 38. Ne7+ Kh7 39. Bxe5 Rexe7 40. dxe7 1-0

[Event "SWE-chT 9899"]
[Site "Sweden"]
[Date "1998.11.07"]
[Round "4"]
[White "Bengtsson, Bo"]
[Black "Andersson, Johan"]
[Result "1/2-1/2"]
[WhiteElo "2300"]
[BlackElo "2190"]
[PlyCount "27"]
[EventDate "1998.??.??"]
[EventType "team"]
[EventRounds "11"]
[EventCountry "SWE"]
[SourceTitle "EXT 2000"]
[Source "ChessBase"]
[SourceDate "1999.11.16"]
[SourceVersion "1"]
[SourceVersionDate "1999.11.16"]
[SourceQuality "1"]

1. e4 e5 2. Nf3 Nf6 3. Nxe5 d6 4. Nf3 Nxe4 5. Nc3 Nxc3 6. dxc3 Be7 7. Bf4 Nc6 8. Qd2 Bg4 9. Be2 Qd7 10. 0-0-0 a6 11. Rhe1 0-0 12. h3 Bf5 13. g4 Bg6 14. Bd3 1/2-1/2

[Event "SWE-ch"]
[Site "Uppsala"]
[Date "1985.??.??"]
[Round "?"]
[White "Bengtsson, Bo"]
[Black "Ernst, Thomas"]
[Result "0-1"]
[WhiteElo "2320"]
[BlackElo "2450"]
[PlyCount "66"]
[EventDate "1985.07.??"]
[EventType "tourn"]
[EventRounds "15"]
[EventCountry "SWE"]
[EventCategory "4"]
[SourceTitle "MCD"]
[Source "ChessBase"]
[SourceDate "1999.07.01"]
[SourceVersion "1"]
[SourceVersionDate "1999.07.01"]
[SourceQuality "1"]

1. e4 e5 2. Nf3 Nc6 3. Bb5 a6 4. Ba4 Nf6 5. 0-0 Be7 6. Re1 b5 7. Bb3 d6 8. c3 0-0 9. d4 Bg4 10. Be3 exd4 11. cxd4 Na5 12. Bc2 c5 13. dxc5 dxc5 14. Nbd2 Nd7 15. h3 Bh5 16. g4 Bg6 17. Nh2 f6 18. f4 c4 19. Ndf3 Nc5 20. f5 Bf7 21. e5 fxe5 22. Nxe5 Qc7 23. Bf4 Bd6 24. g5 Nc6 25. Nhg4 Rad8 26. Qf3 Nxe5 27. Nxe5 Nd3 28. g6 hxg6 29. fxg6 Bxe5 30. Bxd3 Rxd3 31. Bxe5 Qb6+ 32. Qf2 Qxg6+ 33. Kh2 Rxh3+ 0-1

[Event "SWE-ch"]
[Site "Uppsala"]
[Date "1985.??.??"]
[Round "?"]
[White "Bengtsson, Bo"]
[Black "Hector, Jonny"]
[Result "0-1"]
[WhiteElo "2320"]
[BlackElo "2295"]
[PlyCount "80"]
[EventDate "1985.07.??"]
[EventType "tourn"]
[EventRounds "15"]
[EventCountry "SWE"]
[EventCategory "4"]
[SourceTitle "MCD"]
[Source "ChessBase"]
[SourceDate "1999.07.01"]
[SourceVersion "1"]
[SourceVersionDate "1999.07.01"]
[SourceQuality "1"]

1. e4 e5 2. Nf3 f5 3. Nxe5 Nc6 4. Nxc6 dxc6 5. d4 Qh4 6. e5 Be6 7. Nc3 Bb4 8. Bd3 Qxd4 9. 0-0 0-0-0 10. Bg5 Be7 11. Be3 Qxe5 12. Bxa7 Nh6 13. Re1 Qf6 14. Qe2 Rd6 15. Bc5 Rd7 16. Na4 Bd5 17. c4 Be4 18. Bxe4 fxe4 19. Qxe4 Bxc5 20. Nxc5 Rd4 21. Qe6+ Qxe6 22. Nxe6 Rxc4 23. Nxg7 Rc2 24. Re8+ Rxe8 25. Nxe8 Rxb2 26. Nf6 c5 27. g4 c4 28. Rc1 b5 29. g5 Nf5 30. Nxh7 Kd7 31. g6 Rxa2 32. h4 Ng7 33. f4 Ke6 34. Re1+ Kf5 35. Re5+ Kxg6 36. f5+ Kxh7 37. f6 Kg6 38. fxg7 Kxg7 39. Rxb5 c3 40. Rb1 Rd2 0-1

[Event "SWE-ch"]
[Site "Linkoping"]
[Date "1984.??.??"]
[Round "?"]
[White "Bengtsson, Bo"]
[Black "Engstrom, Kaj"]
[Result "1/2-1/2"]
[WhiteElo "2350"]
[BlackElo "2265"]
[PlyCount "68"]
[EventDate "1984.07.??"]
[EventType "tourn"]
[EventRounds "15"]
[EventCountry "SWE"]
[EventCategory "2"]
[SourceTitle "MCD"]
[Source "ChessBase"]
[SourceDate "1999.07.01"]
[SourceVersion "1"]
[SourceVersionDate "1999.07.01"]
[SourceQuality "1"]

1. e4 e6 2. d4 a6 3. Nf3 b5 4. Bd3 Bb7 5. 0-0 c5 6. c3 h6 7. Qe2 Nf6 8. Nbd2 cxd4 9. cxd4 Be7 10. a4 b4 11. a5 0-0 12. e5 Ne8 13. Nc4 f5 14. Nb6 Nc7 15. Nxa8 Bxa8 16. d5 Nxd5 17. Be3 g5 18. Rfc1 g4 19. Nd2 Bg5 20. Rc2 Bxe3 21. fxe3 Qg5 22. Rac1 Nc6 23. Bc4 Nxe3 24. Bxe6+ Kg7 25. Rc5 Nd4 26. Qd3 Nxe6 27. Qxd7+ Rf7 28. Qxe6 Nxg2 29. Rc7 Qe3+ 30. Kf1 Qd3+ 31. Kg1 Qd4+ 32. Kf1 Ne3+ 33. Ke1 Ng2+ 34. Kf1 Qd3+ 1/2-1/2

[Event "SWE-ch"]
[Site "Linkoping"]
[Date "1984.??.??"]
[Round "?"]
[White "Bengtsson, Bo"]
[Black "Winge, Stefan"]
[Result "0-1"]
[WhiteElo "2350"]
[BlackElo "2250"]
[PlyCount "130"]
[EventDate "1984.07.??"]
[EventType "tourn"]
[EventRounds "15"]
[EventCountry "SWE"]
[EventCategory "2"]
[SourceTitle "MCD"]
[Source "ChessBase"]
[SourceDate "1999.07.01"]
[SourceVersion "1"]
[SourceVersionDate "1999.07.01"]
[SourceQuality "1"]

1. e4 c5 2. Nf3 e6 3. d4 cxd4 4. Nxd4 a6 5. Nc3 Qc7 6. g3 Nf6 7. Bg2 d6 8. 0-0 Bd7 9. Be3 Nc6 10. Nxc6 Bxc6 11. a4 Be7 12. a5 Rc8 13. Bb6 Qb8 14. Re1 Nd7 15. Bd4 0-0 16. Nd5 Bxd5 17. exd5 e5 18. f4 Bf6 19. Bh3 exd4 20. Bxd7 Rc5 21. Qd3 Qc7 22. Bf5 g6 23. Be4 Rxa5 24. Rad1 Rb5 25. b3 Rc5 26. Qf3 Re8 27. g4 h6 28. Re2 Rc3 29. Bd3 Rxe2 30. Qxe2 Qd7 31. Qf3 Rc8 32. Re1 Kg7 33. Re4 Re8 34. Rxe8 Qxe8 35. Qe4 Qc8 36. h3 b5 37. Kg2 Qc3 38. Qe2 Bh4 39. f5 gxf5 40. gxf5 Kf6 41. Kf3 Qa1 42. Qd2 Qh1+ 43. Qg2 Qxg2+ 44. Kxg2 Ke5 45. Kf3 Kxd5 46. Be4+ Kc5 47. Bb7 a5 48. Ke4 f6 49. Ba8 Be1 50. Bb7 Bf2 51. Ba8 h5 52. Bb7 h4 53. Ba8 a4 54. bxa4 bxa4 55. Bd5 d3 56. cxd3 Kb4 57. Bc4 Kc3 58. Kd5 Bg3 59. Ke6 Be5 60. Kd5 a3 61. Ke6 Kb2 62. Kd5 a2 63. Bxa2 Kxa2 64. d4 Bf4 65. Ke6 Kb3 0-1

[Event "SWE-ch"]
[Site "Linkoping"]
[Date "1984.??.??"]
[Round "?"]
[White "Unander, Matts"]
[Black "Bengtsson, Bo"]
[Result "0-1"]
[WhiteElo "2265"]
[BlackElo "2350"]
[PlyCount "128"]
[EventDate "1984.07.??"]
[EventType "tourn"]
[EventRounds "15"]
[EventCountry "SWE"]
[EventCategory "2"]
[SourceTitle "MCD"]
[Source "ChessBase"]
[SourceDate "1999.07.01"]
[SourceVersion "1"]
[SourceVersionDate "1999.07.01"]
[SourceQuality "1"]

1. e4 c5 2. c3 Nf6 3. e5 Nd5 4. d4 cxd4 5. Nf3 Nc6 6. cxd4 d6 7. Nc3 dxe5 8. dxe5 Nxc3 9. Qxd8+ Nxd8 10. bxc3 Bd7 11. Be3 e6 12. Rb1 Rc8 13. Bxa7 Rxc3 14. Nd4 f6 15. exf6 gxf6 16. Be2 h5 17. 0-0 Kf7 18. Bf3 Ra3 19. Bb6 Nc6 20. Rfd1 Ne5 21. Bxb7 Ba4 22. Rdc1 Bd6 23. Bc7 Be7 24. Be4 Rxa2 25. Rb7 Nd7 26. Nc6 Bxc6 27. Bxc6 Nc5 28. Rb8 Rxb8 29. Bxb8 Nd3 30. Rf1 Nxf2 31. Bg3 Nd3 32. h3 Bc5+ 33. Kh2 Rd2 34. Rb1 f5 35. Bf3 Bd4 36. Bxh5+ Kf6 37. Rb7 Kg5 38. Rh7 f4 39. h4+ Kf5 40. Rf7+ Ke5 41. Bxf4+ Nxf4 42. Bf3 Rf2 43. Rd7 Rd2 44. Rf7 Kd6 45. h5 Be5 46. Kg1 Rc2 47. h6 Nd3 48. Kf1 Bd4 49. Be4 Rf2+ 50. Rxf2 Nxf2 51. Bf3 Nd3 52. h7 Bg7 53. Bg4 Ke5 54. Bh5 Kf4 55. Bg6 Ke3 56. Be8 Nc5 57. Ke1 Ne4 58. g4 Nf6 59. Bc6 Nxh7 60. Kf1 Ng5 61. Kg2 Bc3 62. Kf1 e5 63. Bb7 e4 64. Bc6 Kd2 0-1

[Event "SWE-ch"]
[Site "Boras"]
[Date "1979.??.??"]
[Round "?"]
[White "Bengtsson, Bo"]
[Black "Hansson, Dan"]
[Result "1-0"]
[WhiteElo "2350"]
[BlackElo "2300"]
[PlyCount "51"]
[EventDate "1979.07.01"]
[EventType "swiss"]
[EventRounds "13"]
[EventCountry "SWE"]
[SourceTitle "MCD"]
[Source "ChessBase"]
[SourceDate "1999.07.01"]
[SourceVersion "1"]
[SourceVersionDate "1999.07.01"]
[SourceQuality "1"]

1. e4 c5 2. Nf3 d6 3. d4 Nf6 4. Nc3 cxd4 5. Nxd4 a6 6. Bc4 e6 7. Bb3 b5 8. 0-0 Be7 9. Qf3 Qb6 10. Be3 Qb7 11. Qg3 g6 12. f3 0-0 13. Rad1 Nc6 14. Nxc6 Qxc6 15. Qh4 Re8 16. Bg5 Kg7 17. f4 Ng8 18. Bxe7 Rxe7 19. f5 exf5 20. Kh1 Bb7 21. Bd5 Qc5 22. exf5 f6 23. fxg6 hxg6 24. Ne4 Qxc2 25. Nxf6 Bxd5 26. Qh7+ 1-0

[Event "SWE-ch"]
[Site "Boras"]
[Date "1979.??.??"]
[Round "?"]
[White "Bengtsson, Bo"]
[Black "Renman, Nils Gustaf"]
[Result "0-1"]
[WhiteElo "2350"]
[BlackElo "2400"]
[PlyCount "84"]
[EventDate "1979.07.01"]
[EventType "swiss"]
[EventRounds "13"]
[EventCountry "SWE"]
[SourceTitle "MCD"]
[Source "ChessBase"]
[SourceDate "1999.07.01"]
[SourceVersion "1"]
[SourceVersionDate "1999.07.01"]
[SourceQuality "1"]

1. e4 e6 2. d4 d5 3. Nc3 Bb4 4. e5 c5 5. Bd2 Ne7 6. dxc5 Nbc6 7. Qg4 0-0 8. 0-0-0 f5 9. exf6 Rxf6 10. Bd3 Bxc5 11. Bg5 Ne5 12. Bxh7+ Kxh7 13. Qh5+ Kg8 14. Bxf6 gxf6 15. Ne4 Bd6 16. Nxf6+ Kg7 17. Ne8+ Kf8 18. Nf3 Nxf3 19. Nxd6 Qxd6 20. Qxf3+ Kg7 21. Qg4+ Ng6 22. Qd4+ Qe5 23. f4 Qxd4 24. Rxd4 Bd7 25. f5 exf5 26. Rxd5 Be6 27. Rd6 Kf6 28. Re1 Ne5 29. b3 Re8 30. Rd2 Re7 31. Rd6 Rd7 32. Rxd7 Bxd7 33. Rf1 Bc6 34. g3 Be4 35. c4 Kg5 36. Kd1 Kg4 37. Rf4+ Kh3 38. Ke2 Ng4 39. b4 Nxh2 40. b5 b6 41. a4 Kxg3 42. Rf1 f4 0-1

[Event "SWE-ch"]
[Site "Degerfors"]
[Date "1978.??.??"]
[Round "?"]
[White "Bengtsson, Bo"]
[Black "Hammar, Bengt Erik"]
[Result "1/2-1/2"]
[WhiteElo "2350"]
[BlackElo "2385"]
[PlyCount "82"]
[EventDate "1978.07.??"]
[EventType "tourn"]
[EventRounds "15"]
[EventCountry "SWE"]
[EventCategory "4"]
[SourceTitle "MCD"]
[Source "ChessBase"]
[SourceDate "1999.07.01"]
[SourceVersion "1"]
[SourceVersionDate "1999.07.01"]
[SourceQuality "1"]

1. e4 e5 2. Nf3 Nc6 3. c3 Nf6 4. d4 exd4 5. e5 Ne4 6. Qe2 f5 7. exf6 d5 8. Nxd4 Nxd4 9. cxd4 Kf7 10. Nc3 Bb4 11. Qc2 Qxf6 12. Be3 Bf5 13. Bd3 Rhe8 14. 0-0 Bxc3 15. bxc3 Nd6 16. Bxf5 Qxf5 17. Qxf5+ Nxf5 18. Rab1 b6 19. Bf4 Re2 20. a4 Rc2 21. Rfc1 Rxc1+ 22. Rxc1 Rc8 23. a5 c5 24. axb6 axb6 25. g4 Nh4 26. dxc5 bxc5 27. Be3 Nf3+ 28. Kg2 Ne5 29. h3 Nc4 30. Bf4 h6 31. h4 Nb2 32. Ra1 Nd3 33. Be3 Rc7 34. Ra6 d4 35. cxd4 c4 36. Kf3 c3 37. Ke4 Nxf2+ 38. Bxf2 c2 39. Be3 Re7+ 40. Kd3 Rxe3+ 41. Kxc2 Re4 1/2-1/2

[Event "SWE-ch"]
[Site "Degerfors"]
[Date "1978.??.??"]
[Round "?"]
[White "Bengtsson, Bo"]
[Black "Wedberg, Tom"]
[Result "1/2-1/2"]
[WhiteElo "2350"]
[BlackElo "2360"]
[PlyCount "92"]
[EventDate "1978.07.??"]
[EventType "tourn"]
[EventRounds "15"]
[EventCountry "SWE"]
[EventCategory "4"]
[SourceTitle "MCD"]
[Source "ChessBase"]
[SourceDate "1999.07.01"]
[SourceVersion "1"]
[SourceVersionDate "1999.07.01"]
[SourceQuality "1"]

1. e4 e5 2. Nf3 Nc6 3. Bb5 a6 4. Ba4 d6 5. 0-0 Bd7 6. d4 b5 7. Bb3 Nxd4 8. Nxd4 exd4 9. c3 dxc3 10. Qh5 Qe7 11. Nxc3 Nf6 12. Qf3 Bc6 13. Bg5 Qe5 14. Bxf6 Qxf6 15. Qe3 Qh6 16. f4 Be7 17. Nd5 Rc8 18. Qa7 Bxd5 19. Bxd5 0-0 20. Qxa6 Rb8 21. Qa7 Bf6 22. Qxc7 Bxb2 23. Rae1 Rbc8 24. Bxf7+ Kh8 25. Qb7 Qf6 26. Bb3 Rc5 27. Qd7 Rh5 28. h3 Bc3 29. Rd1 Bd4+ 30. Kh1 Rh4 31. Qxb5 Be3 32. Qg5 Bxf4 33. Qxf6 gxf6 34. Bd5 f5 35. exf5 Rxf5 36. Rf3 Re5 37. Bc4 Be3 38. Rf8+ Kg7 39. Rg8+ Kf6 40. Rxd6+ Ke7 41. Re6+ Rxe6 42. Bxe6 Rf4 43. Bb3 Rf1+ 44. Kh2 Bf4+ 45. g3 Rf2+ 46. Kg1 Be3 1/2-1/2

[Event "SWE-ch"]
[Site "Degerfors"]
[Date "1978.??.??"]
[Round "?"]
[White "Helmertz, Per Inge"]
[Black "Bengtsson, Bo"]
[Result "1-0"]
[WhiteElo "2305"]
[BlackElo "2350"]
[PlyCount "81"]
[EventDate "1978.07.??"]
[EventType "tourn"]
[EventRounds "15"]
[EventCountry "SWE"]
[EventCategory "4"]
[SourceTitle "MCD"]
[Source "ChessBase"]
[SourceDate "1999.07.01"]
[SourceVersion "1"]
[SourceVersionDate "1999.07.01"]
[SourceQuality "1"]

1. e4 c5 2. Nf3 d6 3. d4 cxd4 4. Nxd4 Nf6 5. Nc3 Nc6 6. Bg5 Bd7 7. Qd2 Rc8 8. 0-0-0 Nxd4 9. Qxd4 Qa5 10. f4 e6 11. Bxf6 gxf6 12. Qxf6 Rg8 13. Qd4 d5 14. f5 Rxc3 15. Qxc3 Qxa2 16. Kd2 Qa4 17. Qe3 Rg4 18. fxe6 fxe6 19. exd5 Be7 20. Qf3 e5 21. Be2 e4 22. Qh3 e3+ 23. Qxe3 Re4 24. Qg3 Rxe2+ 25. Kxe2 Qxc2+ 26. Ke3 Bc5+ 27. Rd4 Bf5 28. Qe5+ Kd8 29. Kf3 Qxb2 30. Qf6+ Be7 31. Qxf5 Qxd4 32. Re1 Qc3+ 33. Re3 Qc5 34. Qe5 Bd6 35. Qf6+ Kd7 36. Qg7+ Kd8 37. Qg8+ Kd7 38. Qxh7+ Kd8 39. Qg8+ Kd7 40. Qf7+ Kd8 41. Re8# 1-0

[Event "SWE-ch"]
[Site "Stockholm"]
[Date "1977.??.??"]
[Round "?"]
[White "Bengtsson, Bo"]
[Black "Ekstroem, Roland"]
[Result "1-0"]
[WhiteElo "2340"]
[BlackElo "2400"]
[PlyCount "82"]
[EventDate "1977.07.03"]
[EventType "tourn"]
[EventRounds "15"]
[EventCountry "SWE"]
[EventCategory "3"]
[SourceTitle "MCD"]
[Source "ChessBase"]
[SourceDate "1999.07.01"]
[SourceVersion "1"]
[SourceVersionDate "1999.07.01"]
[SourceQuality "1"]

1. e4 e5 2. Nf3 f5 3. Nxe5 Qf6 4. d4 d6 5. Nc4 fxe4 6. Nc3 Qg6 7. Ne3 Nf6 8. Be2 c6 9. 0-0 Be7 10. f3 exf3 11. Bd3 Qh5 12. Qxf3 Qxf3 13. Rxf3 d5 14. Nf5 Bxf5 15. Bxf5 0-0 16. Bg5 Na6 17. Re1 Bd6 18. Re6 Rad8 19. Rh3 Nc7 20. Bxf6 gxf6 21. Bxh7+ Kg7 22. Ree3 Rh8 23. Bf5 c5 24. Ne2 b5 25. c3 a5 26. dxc5 Bxc5 27. Nd4 b4 28. Kf1 Bxd4 29. cxd4 Rxh3 30. Rxh3 Nb5 31. Rh4 Rh8 32. Rxh8 Kxh8 33. Be6 a4 34. Bxd5 Kg7 35. Kf2 Nxd4 36. Ke3 Nb5 37. Kd3 a3 38. bxa3 Nxa3 39. Kd4 f5 40. Ke5 Nc2 41. Kxf5 Ne3+ 1-0

[Event "SWE-ch"]
[Site "Stockholm"]
[Date "1977.??.??"]
[Round "?"]
[White "Helmertz, Per Inge"]
[Black "Bengtsson, Bo"]
[Result "0-1"]
[WhiteElo "2295"]
[BlackElo "2340"]
[PlyCount "82"]
[EventDate "1977.07.03"]
[EventType "tourn"]
[EventRounds "15"]
[EventCountry "SWE"]
[EventCategory "3"]
[SourceTitle "MCD"]
[Source "ChessBase"]
[SourceDate "1999.07.01"]
[SourceVersion "1"]
[SourceVersionDate "1999.07.01"]
[SourceQuality "1"]

1. d4 Nf6 2. Bg5 d5 3. Nd2 Nc6 4. Bxf6 exf6 5. e3 Qe7 6. Ne2 g6 7. Nf4 Be6 8. c4 0-0-0 9. cxd5 Bxd5 10. Nxd5 Rxd5 11. Be2 Bh6 12. Nb3 Qb4+ 13. Kf1 f5 14. g3 Na5 15. Nxa5 Rxa5 16. Qc2 Qd6 17. Bf3 f4 18. gxf4 g5 19. f5 g4 20. Bxg4 Qd5 21. Rg1 Rxa2 22. Rc1 c6 23. Be2 Ra5 24. b4 Ra2 25. Qb1 Ra3 26. b5 Rb3 27. Qc2 Rxb5 28. e4 Qb3 29. Qxb3 Rxb3 30. Ra1 Rd8 31. Bc4 Rb2 32. Bxf7 Rxd4 33. Rg3 Rxe4 34. Rxa7 Rf4 35. f3 Rxh2 36. Ra8+ Kc7 37. Be6 Rb4 38. Ra1 Be3 39. Rg2 Rh1+ 40. Ke2 Rxa1 41. Rg7+ Kd6 0-1